000
00244nam a2200097Ia 4500
001
1096028
005
20250827003026.0
008
250824s9999 xx 000 0 und d
245
0
_a
USTAM VE BEN
_c
ELİF ŞAFAK
260
_b
DOĞAN KİTAP YAYINLARI
999
_c
1096028
_d
1096028